Deconstruction learners' questions in science classrooms/ (Record no. 1463926)

MARC details
000 -LEADER
fixed length control field 00793nam a22002417a 4500
003 - CONTROL NUMBER IDENTIFIER
control field OSt
005 - DATE AND TIME OF LATEST TRANSACTION
control field 20250924104339.0
008 - FIXED-LENGTH DATA ELEMENTS--GENERAL INFORMATION
fixed length control field 250924b |||||||| |||| 00| 0 eng d
037 ## - SOURCE OF ACQUISITION
Terms of availability Thesis
040 ## - CATALOGING SOURCE
Original cataloging agency FEDL
Language of cataloging eng
Transcribing agency FEDL
041 ## - LANGUAGE CODE
Language code of text/sound track or separate title eng
Language code of original eng
082 ## - DEWEY DECIMAL CLASSIFICATION NUMBER
Classification number 507 CHO/TH
100 ## - MAIN ENTRY--PERSONAL NAME
Personal name Chowdhary, Vertika
9 (RLIN) 846374
110 ## - MAIN ENTRY--CORPORATE NAME
Corporate name or jurisdiction name as entry element University of Delhi. Department of Education
9 (RLIN) 846375
245 ## - TITLE STATEMENT
Title Deconstruction learners' questions in science classrooms/
Statement of responsibility, etc. by Vertika Chowdhary; Alka Behari- Supervisor.
260 ## - PUBLICATION, DISTRIBUTION, ETC.
Place of publication, distribution, etc. University of Delhi
Date of publication, distribution, etc. 2025
300 ## - PHYSICAL DESCRIPTION
Extent vii, 177p.
650 ## - SUBJECT ADDED ENTRY--TOPICAL TERM
Topical term or geographic name entry element SCIENCE
9 (RLIN) 846381
650 ## - SUBJECT ADDED ENTRY--TOPICAL TERM
Topical term or geographic name entry element DECONSTRUCTING LEARNERS
9 (RLIN) 846382
700 ## - ADDED ENTRY--PERSONAL NAME
Personal name Behari, Alka. Supervisor
9 (RLIN) 846376
942 ## - ADDED ENTRY ELEMENTS (KOHA)
Source of classification or shelving scheme Dewey Decimal Classification
Koha item type Thesis
Classification part 507 CHO/TH
Suppress in OPAC No
Holdings
Withdrawn status Lost status Source of classification or shelving scheme Damaged status Not for loan Collection Home library Current library Date acquired Total Checkouts Full call number Barcode Date last seen Price effective from Koha item type
    Dewey Decimal Classification     Reference Department of Education Library Department of Education Library 2025-09-24   507 CHO/TH EL0094443 2025-09-24 2025-09-24 Thesis
Copyright @ Delhi University Library System